ACTIN (Alternative Crops Technology Interactive Network) (Record no. 119640)

MARC details
000 -LEADER
fixed length control field 00940cam a2200241 4500
001 - CONTROL NUMBER
control field WS108237
008 - FIXED-LENGTH DATA ELEMENTS--GENERAL INFORMATION
fixed length control field 000000n 000 0 eng u
035 ## - SYSTEM CONTROL NUMBER
System control number (Sirsi) u108237
245 ## - TITLE STATEMENT
Title ACTIN (Alternative Crops Technology Interactive Network)
520 ## - SUMMARY, ETC.
Summary, etc. This is a collaboration between industry and government to stimulate the uptake of novel technologies to meet demand for non food crops. The web site includes their newsletter and access to a database of current research and development in alternative crops for a subscription fee.
650 ## - SUBJECT ADDED ENTRY--TOPICAL TERM
Topical term or geographic name entry element ALTERNATIVE ENERGY
650 ## - SUBJECT ADDED ENTRY--TOPICAL TERM
Topical term or geographic name entry element ALTERNATIVE CROPS
650 ## - SUBJECT ADDED ENTRY--TOPICAL TERM
Topical term or geographic name entry element NON-FOOD CROPS
650 ## - SUBJECT ADDED ENTRY--TOPICAL TERM
Topical term or geographic name entry element INDUSTRIAL CROPS
650 ## - SUBJECT ADDED ENTRY--TOPICAL TERM
Topical term or geographic name entry element POLYMERS
650 ## - SUBJECT ADDED ENTRY--TOPICAL TERM
Topical term or geographic name entry element OILSEEDS
650 ## - SUBJECT ADDED ENTRY--TOPICAL TERM
Topical term or geographic name entry element ORGANISATION
650 0# - SUBJECT ADDED ENTRY--TOPICAL TERM
Topical term or geographic name entry element NATURAL FIBRES
650 ## - SUBJECT ADDED ENTRY--TOPICAL TERM
Topical term or geographic name entry element SET ASIDE
690 ## - LOCAL SUBJECT ADDED ENTRY--TOPICAL TERM (OCLC, RLIN)
Topical term or geographic name as entry element Rural
9 (RLIN) 6268
856 40 - ELECTRONIC LOCATION AND ACCESS
Uniform Resource Identifier <a href="https://www.actin.co.uk">https://www.actin.co.uk</a>
Public note View the website free of charge at www.actin.co.uk...
942 ## - ADDED ENTRY ELEMENTS (KOHA)
Suppress in OPAC 0
Holdings
Withdrawn status Lost status Source of classification or shelving scheme Damaged status Not for loan Home library Current library Shelving location Date acquired Total Checkouts Full call number Barcode Date last seen Copy number Price effective from Koha item type
    Dewey Decimal Classification     Virtual Virtual Online 11/09/2000   WEB SITE 108237-2001 06/08/2019 1 06/08/2019 Online material